Manual of Civil Service Laws & Practice / (Record no. 540995)

000 -LEADER
fixed length control field 00364nam a22001217a 4500
082 ## - DEWEY DECIMAL CLASSIFICATION NUMBER
Classification number 342.954106
100 ## - MAIN ENTRY--PERSONAL NAME
Personal name Hassan, Masul-Ul
245 ## - TITLE STATEMENT
Title Manual of Civil Service Laws & Practice /
Statement of responsibility, etc. Masul-Ul Hassan
260 ## - PUBLICATION, DISTRIBUTION, ETC.
Place of publication, distribution, etc. Lahore :
Name of publisher, distributor, etc. National Law Reporter,
Date of publication, distribution, etc. N.D.
300 ## - PHYSICAL DESCRIPTION
Extent 1798 p. ;
Dimensions 24cm.
942 ## - ADDED ENTRY ELEMENTS (KOHA)
Source of classification or shelving scheme
Koha item type Book
Holdings
Withdrawn status Lost status Source of classification or shelving scheme Damaged status Not for loan Permanent Location Current Location Shelving location Date acquired Source of acquisition Full call number Barcode Date last seen Price effective from Koha item type
          NUST Law School (NLS) NUST Law School (NLS) Law 11/16/2020 Allied Book Company 342.954106 HAS CL-441 11/16/2020 11/16/2020 Reference
© 2023 Central Library, National University of Sciences and Technology. All Rights Reserved.